书目信息 |
| 题名: |
中国现代书法史
|
|
| 作者: | 朱仁夫 著 | |
| 分册: | ||
| 出版信息: | 北京 北京大学出版社 1996.12 |
|
| 页数: | 549页 | |
| 开本: | 32开 | |
| 丛书名: | ||
| 单 册: | ||
| 中图分类: | J292-09 | |
| 科图分类: | ||
| 主题词: | 书法--中国 , 篆刻--中国 | |
| 电子资源: | ||
| ISBN: | 7-301-03182-3 | |
| 000 | 00574nam0 2200205 45 | |
| 001 | 0007291008 | |
| 005 | 20000729100223.8 | |
| 010 | @a7-301-03182-3@d30.00元 | |
| 100 | @a20000729d1996 km y0chiy0120 ea | |
| 101 | 0 | @achi |
| 105 | @a z 000yy | |
| 200 | 1 | @a中国现代书法史@AZhong Guo Xian Dai Shu Fa Shi@f朱仁夫著@FZhu Ren Fu Zhu |
| 210 | @a北京@c北京大学出版社@d1996.12 | |
| 215 | @a549页@d32开 | |
| 606 | 0 | @a书法@x中国 |
| 606 | 0 | @a篆刻@x中国 |
| 690 | @aJ292-09@v3 | |
| 701 | 0 | @a朱仁夫@4著 |
| 801 | @aCN@bPftUser@c20000729 | |
| 905 | @b81730-739@dJ292-09@eZH251@f10 | |
| 中国现代书法史/朱仁夫著.-北京:北京大学出版社,1996.12 |
| 549页;32开 |
| ISBN 7-301-03182-3:30.00元 |
| ● |
| 相关链接 |
|
|
|
正题名:中国现代书法史
索取号:J292-09/ZH251
 
预约/预借
| 序号 | 登录号 | 条形码 | 馆藏地/架位号 | 状态 | 备注 |
| 1 | 81730 | 200817303 | 自科二线404/309社科库 78排4列3层/ [索取号:J292-09/ZH251] | 在馆 | |
| 2 | 81731 | 200817312 | 自科二线404/309社科库 78排4列3层/ [索取号:J292-09/ZH251] | 在馆 | |
| 3 | 81732 | 200817321 | 社科库309/309社科库 78排4列3层/ [索取号:J292-09/ZH251] | 在馆 | |
| 4 | 81733 | 200817330 | 自科二线404/309社科库 78排4列3层/ [索取号:J292-09/ZH251] | 在馆 | |
| 5 | 81734 | 200817349 | 社科库309/309社科库 78排4列3层/ [索取号:J292-09/ZH251] | 在馆 | |
| 6 | 81735 | 200817358 | 社科库309/ [索取号:J292-09/ZH251] | 在馆 | |
| 7 | 81736 | 200817367 | 自科二线404/309社科库 78排4列3层/ [索取号:J292-09/ZH251] | 在馆 | |
| 8 | 81737 | 200817376 | 自科二线404/309社科库 78排4列3层/ [索取号:J292-09/ZH251] | 在馆 | |
| 9 | 81738 | 200817385 | 社科库309/309社科库 78排4列3层/ [索取号:J292-09/ZH251] | 在馆 | |
| 10 | 81739 | 200817394 | 自科二线404/309社科库 78排4列3层/ [索取号:J292-09/ZH251] | 在馆 |